Manual de derecho del consumidor /
Guardado en:
| Autor Principal: | |
|---|---|
| Otros Autores: | , , , , , , |
| Formato: | Libro |
| Idioma: | Spanish |
| Publicado: |
Buenos Aires :
Abeledo Perrot,
2009
|
| Edición: | 1a. ed. |
| Materias: | |
| Etiquetas: |
Agregar Etiqueta
Sin Etiquetas, Sea el primero en etiquetar este registro!
|
| LEADER | 00761nam a22002415a 4500 | ||
|---|---|---|---|
| 001 | DER.der010390 | ||
| 008 | 180615s2009####ag#||||||||||||||#||spa|| | ||
| 005 | 20251203162320.0 | ||
| 245 | 1 | 0 | |a Manual de derecho del consumidor / |c coordinado por Dante D. Rusconi...[et. al.]. |
| 250 | |a 1a. ed. | ||
| 260 | |a Buenos Aires : |b Abeledo Perrot, |c 2009 | ||
| 300 | |a 643 p. | ||
| 020 | |a 9789502020082 | ||
| 100 | 1 | |a Rusconi, Dante D., |e coord. | |
| 700 | 1 | |a Kemelmajer de Carlucci, Aída, |e prol. | |
| 700 | 1 | |a D' Argenio, Inés A. | |
| 700 | 1 | |a Japaze, Belén | |
| 700 | 1 | |a Pagés Lloveras, Roberto | |
| 700 | 1 | |a Zentner, Diego | |
| 700 | 1 | |a Bru, Jorge M. | |
| 700 | 1 | |a Stiglitz, Gabriel A. | |
| 650 | 7 | |a DERECHO DEL CONSUMIDOR | |
| 859 | |a DERECHO |b BIB. DERECHO |h 346 |i MAN |p 006440 | ||
